| 000 | 00374nam a2200145Ia 4500 | ||
|---|---|---|---|
| 008 | 221030s9999 xx 000 0 und d | ||
| 041 | _aEnglish | ||
| 082 |
_a105.23 _bPad |
||
| 100 | _aK. R. Padiyar | ||
| 245 | 0 |
_aHVDC : Power Transmission Systems _cby K. R. Padiyar |
|
| 260 |
_bNew Age International Pub. _aNew Delhi _c2005 |
||
| 300 | _a289 | ||
| 650 | _aEE | ||
| 942 | _cBK | ||
| 999 |
_c4737 _d4737 |
||